Á lódáil...

Higher algebra

Sonraí Bibleagrafaíochta
Príomhúdar: Barnard, S
Údair Eile: Child, J M
Formáid: Printed Book
Foilsithe: Macmillan Co., London 1965
Ábhair:
LEADER 00478nam a2200169 4500
082 |a 512.9 BAR-H 
100 |a Barnard, S 
245 |a Higher algebra  |c S Barnard and J M Child 
250
260 |a Macmillan Co., London  |c 1965 
300
490
650 |a Pedagogical algebra-- Mathematics 
700 |a Child, J M 
942 |c BK 
999 |c 200205  |d 200205 
952 |0 0  |1 0  |4 0  |6 512_900000000000000_BARH  |7 0  |9 213554  |a MAT  |b MAT  |l 0  |o 512.9 BAR-H  |p MAT784  |r 2019-11-01  |w 2019-11-01  |y BK